Skip to content

Роль иностранного языка в развитии социальной ответственности у студентов вузов Статья

Saved in:
Bibliographic Details
Main Author: Кочетова И.Д
Format: Статья
Online Access:https://znanium.com/catalog/document?id=93873
https://znanium.com/cover/0475/475446.jpg
Tags: Add Tag
No Tags, Be the first to tag this record!
LEADER 01186nam0a2200241 i 4500
001 RU\infra-m\znanium\bibl\475446
003 https://znanium.com/catalog/document?id=93873
005 20211203000000.0
100 |a 20211203d2014 m y0rusy0150 ca 
101 0 |a rus 
102 |a RU 
200 1 |a Роль иностранного языка в развитии социальной ответственности у студентов вузов  |e Статья 
210 1 |a Москва  |c Издательский центр "Науковедение"  |d 2014 
215 |a 9 с. 
333 |a Аспирантура 
606 |a Педагогика. Образование  |x Высшее образование  |2 local 
608 |a Статья  |2 local 
675 |a 338  |z rus 
686 |a 65  |2 rubbk 
700 1 |a Кочетова  |b И.Д. 
801 0 |a RU  |b Общество с ограниченной ответственностью «ЗНАНИУМ»  |c 20140627  |2 rusmarc 
856 4 |a znanium.com  |m ebs_support@infra-m.ru  |n НИЦ ИНФРА-М  |u https://znanium.com/catalog/document?id=93873 
856 4 1 |a znanium.com  |d /cover/0475  |f 475446.jpg  |q image/jpeg  |u https://znanium.com/cover/0475/475446.jpg